<?xml version="1.0" encoding="UTF-8"?>
<record
    xmlns:xsi="http://www.w3.org/2001/XMLSchema-instance"
    xsi:schemaLocation="http://www.loc.gov/MARC21/slim http://www.loc.gov/standards/marcxml/schema/MARC21slim.xsd"
    xmlns="http://www.loc.gov/MARC21/slim">

  <leader>00570nam a22001697a 4500</leader>
  <controlfield tag="003">46093</controlfield>
  <controlfield tag="005">20250619120428.0</controlfield>
  <controlfield tag="007">ta</controlfield>
  <controlfield tag="008">250619b        |||||||| |||| 00| 0 sp  d</controlfield>
  <datafield tag="040" ind1=" " ind2=" ">
    <subfield code="a">46093</subfield>
    <subfield code="b">spa</subfield>
    <subfield code="c">46093</subfield>
    <subfield code="d">RDA</subfield>
    <subfield code="e">46093</subfield>
  </datafield>
  <datafield tag="082" ind1=" " ind2=" ">
    <subfield code="a">S.G. 378.199 </subfield>
    <subfield code="b">M542</subfield>
  </datafield>
  <datafield tag="100" ind1="1" ind2="0">
    <subfield code="a">Men&#xE9;ndez, Otto, R. -</subfield>
    <subfield code="9">3439</subfield>
  </datafield>
  <datafield tag="245" ind1="1" ind2="0">
    <subfield code="a">Alcances sobre aprendizaje y curr&#xED;cula de estudios universitarios cient&#xED;fica y socialmente enfocados -</subfield>
    <subfield code="c">Otto R. Men&#xE9;ndez</subfield>
    <subfield code="h">libro</subfield>
  </datafield>
  <datafield tag="300" ind1=" " ind2=" ">
    <subfield code="a">127 p.;</subfield>
    <subfield code="b">il.</subfield>
    <subfield code="c">21 cm.</subfield>
  </datafield>
  <datafield tag="490" ind1=" " ind2=" ">
    <subfield code="a">Colecci&#xF3;n, Estudios Universitarios</subfield>
    <subfield code="v">Vol. No. 33</subfield>
  </datafield>
  <datafield tag="942" ind1=" " ind2=" ">
    <subfield code="2">ddc</subfield>
    <subfield code="c">BK</subfield>
    <subfield code="n">0</subfield>
  </datafield>
  <datafield tag="999" ind1=" " ind2=" ">
    <subfield code="c">5583</subfield>
    <subfield code="d">5583</subfield>
  </datafield>
  <datafield tag="952" ind1=" " ind2=" ">
    <subfield code="0">0</subfield>
    <subfield code="1">0</subfield>
    <subfield code="2">ddc</subfield>
    <subfield code="4">0</subfield>
    <subfield code="7">0</subfield>
    <subfield code="8">NFIC</subfield>
    <subfield code="a">CUQ</subfield>
    <subfield code="b">CUQ</subfield>
    <subfield code="c">DISPLAY</subfield>
    <subfield code="d">2025-06-19</subfield>
    <subfield code="e">Donaci&#xF3;n</subfield>
    <subfield code="i">IVGL 000556</subfield>
    <subfield code="l">0</subfield>
    <subfield code="o">S.G. 378.199  M542</subfield>
    <subfield code="p">500524</subfield>
    <subfield code="r">2025-06-19 12:02:31</subfield>
    <subfield code="t">c.2</subfield>
    <subfield code="w">2025-06-19</subfield>
    <subfield code="y">BK</subfield>
  </datafield>
  <datafield tag="952" ind1=" " ind2=" ">
    <subfield code="0">0</subfield>
    <subfield code="1">0</subfield>
    <subfield code="2">ddc</subfield>
    <subfield code="4">0</subfield>
    <subfield code="7">0</subfield>
    <subfield code="8">NFIC</subfield>
    <subfield code="a">CUQ</subfield>
    <subfield code="b">CUQ</subfield>
    <subfield code="c">DISPLAY</subfield>
    <subfield code="d">2025-06-19</subfield>
    <subfield code="e">Donaci&#xF3;n</subfield>
    <subfield code="i">IVGL 000440</subfield>
    <subfield code="l">0</subfield>
    <subfield code="o">S.G. 378.199  M542</subfield>
    <subfield code="p">500338</subfield>
    <subfield code="r">2025-06-19 12:02:31</subfield>
    <subfield code="t">c.3</subfield>
    <subfield code="w">2025-06-19</subfield>
    <subfield code="y">BK</subfield>
  </datafield>
  <datafield tag="952" ind1=" " ind2=" ">
    <subfield code="0">0</subfield>
    <subfield code="1">0</subfield>
    <subfield code="2">ddc</subfield>
    <subfield code="4">0</subfield>
    <subfield code="7">0</subfield>
    <subfield code="8">NFIC</subfield>
    <subfield code="a">CUQ</subfield>
    <subfield code="b">CUQ</subfield>
    <subfield code="c">DISPLAY</subfield>
    <subfield code="d">2025-06-19</subfield>
    <subfield code="e">Donaci&#xF3;n</subfield>
    <subfield code="i">IVGL 000557</subfield>
    <subfield code="l">0</subfield>
    <subfield code="o">S.G. 378.199  M542</subfield>
    <subfield code="p">500531</subfield>
    <subfield code="r">2025-06-19 12:02:31</subfield>
    <subfield code="t">c.1</subfield>
    <subfield code="w">2025-06-19</subfield>
    <subfield code="y">BK</subfield>
  </datafield>
</record>
